000 00857cab a22001815a 4500
001 L152292
008 110218s2011 xxka f 000 0 eng d
035 _a(Sirsi) u152292
041 0 _aeng
100 1 _aBarry, Paul
245 0 0 _aHot tubbing
_bis it time to take the plunge?
260 _c2011
490 _aCivil Engineering Surveyor
_vFebruary 2011, 42-43(2)
520 _aHot tubbing or concurrent evidence is becoming an increasingly popular practice whereby experts from both sides of a dispute sit in the dock together, with the judge or arbitrator leading a discussion between them; construction claims; construction disputes; arbitration; litigation; hot tub model; legal disputes.
651 4 _aUnited Kingdom
_y
690 _aMANAGEMENT-DISPUTE AVOIDANCE, MANAGEMENT AND RESOLUTION-DISPUTE MANAGEMENT AND RESOLUTION-ARBITRATION
942 _n0
999 _c82934
_d82934